Detalles MARC
| 000 -LEADER |
| fixed length control field |
03582nam a2200541Ii 4500 |
| 001 - CONTROL NUMBER |
| control field |
DIGPUVAL0633 |
| 003 - CONTROL NUMBER IDENTIFIER |
| control field |
NyNyDIG |
| 006 - FIXED-LENGTH DATA ELEMENTS--ADDITIONAL MATERIAL CHARACTERISTICS |
| fixed length control field |
m o d |
| 007 - PHYSICAL DESCRIPTION FIXED FIELD--GENERAL INFORMATION |
| fixed length control field |
cr ||||||||||| |
| 008 - FIXED-LENGTH DATA ELEMENTS--GENERAL INFORMATION |
| fixed length control field |
161201s2015 sp a ob 100 0 spa d |
| 020 ## - INTERNATIONAL STANDARD BOOK NUMBER |
| International Standard Book Number |
9788437098456 |
| Qualifying information |
(eBook ; |
| -- |
ePub) |
| 020 ## - INTERNATIONAL STANDARD BOOK NUMBER |
| International Standard Book Number |
8437098459 |
| Qualifying information |
(eBook ; |
| -- |
ePub) |
| 020 ## - INTERNATIONAL STANDARD BOOK NUMBER |
| Canceled/invalid ISBN |
9788437097077 |
| 020 ## - INTERNATIONAL STANDARD BOOK NUMBER |
| Canceled/invalid ISBN |
843709707X |
| 035 ## - SYSTEM CONTROL NUMBER |
| System control number |
(OCoLC)1079409506 |
| 040 ## - CATALOGING SOURCE |
| Original cataloging agency |
DGITA |
| Language of cataloging |
eng |
| Description conventions |
rda |
| -- |
pn |
| Transcribing agency |
DGITA |
| 041 0# - LANGUAGE CODE |
| Language code of text/sound track or separate title |
eng |
| -- |
ita |
| -- |
spa |
| 050 14 - LIBRARY OF CONGRESS CALL NUMBER |
| Classification number |
N72.H64 eBook |
| 082 04 - DEWEY DECIMAL CLASSIFICATION NUMBER |
| Classification number |
701.03 |
| 111 2# - MAIN ENTRY--MEETING NAME |
| Meeting name or jurisdiction name as entry element |
Congreso Internacional EDADIS Educación Artística y Diversidad Sexual |
| Date of meeting or treaty signing |
(2014 : |
| Location of meeting |
Valencia, Spain) |
| 245 00 - TITLE STATEMENT |
| Title |
Educación artística y diversidad sexual / |
| Statement of responsibility, etc. |
editores, Ricard Huerta, Amparo Alonso-Sanz. |
| 264 #1 - PRODUCTION, PUBLICATION, DISTRIBUTION, MANUFACTURE, AND COPYRIGHT NOTICE |
| Place of production, publication, distribution, manufacture |
Valencia : |
| Name of producer, publisher, distributor, manufacturer |
Publicacions de la Universitat de València, |
| Date of production, publication, distribution, manufacture, or copyright notice |
2015. |
| 300 ## - PHYSICAL DESCRIPTION |
| Extent |
1 online resource : |
| Other physical details |
illustrations. |
| 336 ## - CONTENT TYPE |
| Content type term |
text |
| Content type code |
txt |
| Source |
rdacontent |
| 337 ## - MEDIA TYPE |
| Media type term |
computer |
| Media type code |
c |
| Source |
rdamedia |
| 338 ## - CARRIER TYPE |
| Carrier type term |
online resource |
| Carrier type code |
cr |
| Source |
rdacarrier |
| 490 1# - SERIES STATEMENT |
| Series statement |
Oberta ; |
| Volume/sequential designation |
220. Art |
| 500 ## - GENERAL NOTE |
| General note |
Selected papers presented at the conference held in Valencia, Spain, November 2014. |
| 504 ## - BIBLIOGRAPHY, ETC. NOTE |
| Bibliography, etc. note |
Includes bibliographical references. |
| 505 0# - FORMATTED CONTENTS NOTE |
| Formatted contents note |
En defensa de la diversidad ente el reto social de la educación / Ricard Huerta Ramón, Amparo Alonso-Sanz -- Educación artística, derechos humanos y diversidad sexual / Ricard Huerta Ramón -- De cuerpos , carnes y pedagogías: travesías corporales en la educación actual / Jordi Planella Ribera -- La imágenes de la diversidad sexual en la edad media / Germán Navarro Espinach -- La educación en la diversidad de género y sexual desde los museos: un caso práctico / Liliane Inés Cuesta Davignon -- Proyecto red educativa: la bola de nieve de la visibilidad / Jesús Generelo -- Arte y cultura en una revista gay / Julio Lossio Quichiz -- Nueve años de diversidad afectivo-sexual e identidad de género en el aula de plástica / Víctor Parral Sánchez -- La sexualidad de los personajes de series televisivas infantiles: interpretaciones de futuros maestros / Amparo Alonso-Sanz, Paloma Rueda Gascó -- ¿Deseducando?: experiencias de desobediencia sexual en el estado español / Juan Vicente Aliaga -- El profesor no receta bibliografía / Pepe Miralles -- El corpo e l'arte di esprimere sé e di in-tendere l'altro / Gilberto Scaramuzzo -- Queering the fine Arts Academy, through research, teachin and art curating / Pawel Leszkowicz -- El aula invertida: una exposición en la Fundación La Posta / Román de la Calle, Guillem Cervera, María Tinoco. |
| 546 ## - LANGUAGE NOTE |
| Language note |
Texts in Italian, Spanish or English. |
| 588 0# - SOURCE OF DESCRIPTION NOTE |
| Source of description note |
Online resource; title from ePUB title page (Digitalia, viewed December 1, 2016) |
| 650 #0 - SUBJECT ADDED ENTRY--TOPICAL TERM |
| Topical term or geographic name entry element |
Homosexuality and art |
| Form subdivision |
Congresses. |
| 650 #0 - SUBJECT ADDED ENTRY--TOPICAL TERM |
| Topical term or geographic name entry element |
Sexual minorities in art |
| Form subdivision |
Congresses. |
| 650 #0 - SUBJECT ADDED ENTRY--TOPICAL TERM |
| Topical term or geographic name entry element |
Art |
| General subdivision |
Study and teaching |
| Form subdivision |
Congresses. |
| 650 #0 - SUBJECT ADDED ENTRY--TOPICAL TERM |
| Topical term or geographic name entry element |
Sexual minorities |
| Form subdivision |
Congresses. |
| 655 #0 - INDEX TERM--GENRE/FORM |
| Genre/form data or focus term |
Electronic books. |
| 700 1# - ADDED ENTRY--PERSONAL NAME |
| Personal name |
Huerta, Ricard, |
| Relator term |
editor. |
| 700 1# - ADDED ENTRY--PERSONAL NAME |
| Personal name |
Alonso-Sanz, Amparo, |
| Relator term |
editor. |
| 776 08 - ADDITIONAL PHYSICAL FORM ENTRY |
| Relationship information |
Print version: |
| Title |
Educación artística y diversidad sexual. |
| Place, publisher, and date of publication |
Valencia : Publicacions de la Universitat de València, 2015. |
| International Standard Book Number |
9788437097077 |
| Record control number |
(OCoLC)920376045 |
| 791 2# - |
| -- |
Digitalia (Firm), |
| -- |
distributor. |
| 793 0# - |
| -- |
Digitalia eBook Collection: |
| -- |
Universitat de València. |
| 830 #0 - SERIES ADDED ENTRY--UNIFORM TITLE |
| Uniform title |
Col·lecció Oberta ; |
| Volume/sequential designation |
220. |
| 830 #0 - SERIES ADDED ENTRY--UNIFORM TITLE |
| Uniform title |
Col·lecció Oberta. |
| Name of part/section of a work |
Sèrie Art. |
| 856 40 - ELECTRONIC LOCATION AND ACCESS |
| Materials specified |
Digitalia Hispánica |
| Uniform Resource Identifier |
<a href="https://www.digitaliapublishing.com/a/44400/">https://www.digitaliapublishing.com/a/44400/</a> |
| 910 ## - USER-OPTION DATA (OCLC) |
| User-option data |
Premium Collection: 2017 |
| 942 ## - ADDED ENTRY ELEMENTS (KOHA) |
| Koha item type |
Recurso Electrónico |